| 000 | 00626nam a2200217 a 4500 | ||
|---|---|---|---|
| 005 | 20240924070233.0 | ||
| 008 | 010611s1999 es r 000 0 spa d | ||
| 020 | _a8433013580 | ||
| 035 | _aUPN01000108079 | ||
| 049 | _aCG | ||
| 050 | 4 |
_aBJ1012 _bW5.28 |
|
| 100 | 1 | _aWilson, John | |
| 245 | 1 | 0 |
_aDiálogos sobre educación moral / _cJohn Wilson, Bárbara Cowell ; tr. Raúl Rafecas. |
| 260 |
_aBilbao, Esp. : _bDesclée de Brouwer, _c1999. |
||
| 300 | _a148 p. | ||
| 440 | 0 | _aAprender a ser | |
| 650 | 4 |
_aÉtica _912720 |
|
| 650 | 4 |
_aCONDICIONES MORALES _910907 |
|
| 700 | 1 |
_aCowell, Bárbara, _ecoaut. |
|
| 905 | _aLibro | ||
| 999 |
_c81991 _d81991 |
||